The call of the wild / (Record no. 3758)

MARC details
000 -LEADER
fixed length control field 01075cam a2200277 i 4500
005 - DATE AND TIME OF LATEST TRANSACTION
control field 20250327095233.0
020 ## - INTERNATIONAL STANDARD BOOK NUMBER
International Standard Book Number 9781626864665 (softcover)
040 ## - CATALOGING SOURCE
Original cataloging agency DLC
Language of cataloging eng
Transcribing agency DLC
Description conventions rda
Modifying agency DLC
050 00 - LIBRARY OF CONGRESS CALL NUMBER
Classification number PS3523.O46
082 00 - DEWEY DECIMAL CLASSIFICATION NUMBER
Classification number 813.52
100 1# - MAIN ENTRY--PERSONAL NAME
Personal name London, Jack
Dates associated with a name 1876-1916,
Relator term author.
245 14 - TITLE STATEMENT
Title The call of the wild /
Statement of responsibility, etc. Jack London.
260 ## - PUBLICATION, DISTRIBUTION, ETC.
Place of publication, distribution, etc. Jacksonville :
Name of publisher, distributor, etc. Perma-Bound Classic ,
Date of publication, distribution, etc. 1988
300 ## - PHYSICAL DESCRIPTION
Extent 113 pages :
Dimensions 18 cm .
Other physical details illustrations ;
505 00 - FORMATTED CONTENTS NOTE
Title Call of the wild --
-- White fang -
-- The sea wolf.
Formatted contents note Z <br/>
520 ## - SUMMARY, ETC.
Summary, etc. The adventures of an unusual dog, part St. Bernard, part Scotch shepherd, that is forcibly taken to the Klondike gold fields where he eventually becomes the leader of a wolf pack.
521 ## - TARGET AUDIENCE NOTE
Target audience note 990 <br/>
Source Lexile <br/>
521 ## - TARGET AUDIENCE NOTE
Target audience note Z <br/>
Source Raz-Plus <br/>
650 #0 - SUBJECT ADDED ENTRY--TOPICAL TERM
Topical term or geographic name entry element Adventure stories, American.
Form subdivision fiction
655 #7 - INDEX TERM--GENRE/FORM
Genre/form data or focus term Adventure fiction.
Source of term gsafd
700 12 - ADDED ENTRY--PERSONAL NAME
Personal name London, Jack,
Dates associated with a name 1876-1916.
Title of a work White Fang.
700 12 - ADDED ENTRY--PERSONAL NAME
Personal name London, Jack,
Dates associated with a name 1876-1916.
Title of a work Sea-wolf.
906 ## - LOCAL DATA ELEMENT F, LDF (RLIN)
a 7
b cbc
c orignew
d 1
e ecip
f 20
g y-gencatlg
942 ## - ADDED ENTRY ELEMENTS (KOHA)
Source of classification or shelving scheme Dewey Decimal Classification
Koha item type Books
Suppress in OPAC No
999 ## -
-- 3758
-- 3758
Holdings
Withdrawn status Lost status Source of classification or shelving scheme Damaged status Not for loan Collection Home library Current library Shelving location Date acquired Total Checkouts Full call number Barcode Date last seen Price effective from Koha item type
    Dewey Decimal Classification     Fiction Footprints International School Library Network Toul Tom Poung Campus Footprints International School Library Network Toul Tom Poung Campus TTP Secondary Fiction Bookshelves 04/30/2024   LON 813.52 PS3523.O46 FIS00826 04/30/2024 04/30/2024 Books